000 01002nam a2200301 a 4500
001 000023932
003 DO-SdBPM
005 20250207111031.0
007 000023932
008 110117s2024 dr a 000 j spa d
020 _a
040 _aDO-SdBPM
_bspa
_cBPMSU
082 4 _aRD863.44
_bG861h 2024
_222
100 1 _aPérez Díaz, Enrique
245 1 0 _a Había una vez... en una isla tropical /
_cEleanor Grimaldi Silié ; ilustrasiones de Verouschka Freixas
_8
260 _aSanto Domingo :
_bEditora Búho,
_c2024
300 _a77 p. :
_bil. ;
_c24 cm.
500 _aIncluye datos biográficos de la autora en la contracubierta
501 _a
505 _a
563 _aDos obras encuadernadas juntas con paginación invertida.
590 _aInventariado, 2025/VM
650 4 _aNovela juvenil dominicana
650 4 _aLiteratura juvenil dominicana
700 1 _a Freixas, Verouschka
_eilustraciones
_t
910 _aVMateo V. Control de calidad. BPMSU
942 _2ddc
_cBK
999 _c14934
_d14934